000 00848nam a22001937a 4500
003 OSt
005 20251207142831.0
008 251207b |||||||| |||| 00| 0 eng d
040 _cDCL
082 _a၂၉၄.၃၈၂၂၂
100 0 _aဇနကာဘိဝံသ၊
_cအ‌ရှင်။
245 1 0 _aပါစိတ်ဘာသာဋီကာ ၊
_nပထမအုပ် /
_cအရှင်ဇနကာဘိဝံသ။
250 _aပဥ္စမအကြိမ်။
264 _aအမရပူရ ၊
_bမဟာဂန္ဓာရုံစာပေ၊
_c၂၀၀၄။
300 _aည၊ ၄၂၃ စာမျက်နှာ ၊
_c၂၄ စင်တီ။
500 _aအမှတ်(၂၅)ကျမ်းစာ။
650 _aပါစိတ်
_vဘာသာဋီကာ။
942 _2ddc
_cSHORT TERM
_n0
999 _c2669
_d2669